Staying on track (Record no. 82992)

MARC details
000 -LEADER
fixed length control field 01064cab a22002415a 4500
001 - CONTROL NUMBER
control field L152533
008 - FIXED-LENGTH DATA ELEMENTS--GENERAL INFORMATION
fixed length control field 110323e20110319xxk 000 0 eng d
035 ## - SYSTEM CONTROL NUMBER
System control number (Sirsi) u152533
041 0# - LANGUAGE CODE
Language code of text/sound track or separate title eng
100 1# - MAIN ENTRY--PERSONAL NAME
Personal name Pereira, James
245 00 - TITLE STATEMENT
Title Staying on track
260 ## - PUBLICATION, DISTRIBUTION, ETC.
Date of publication, distribution, etc. 2011
490 ## - SERIES STATEMENT
Series statement Estates Gazette
Volume/sequential designation (1111) 19 March 2011, 98-99(2)
520 ## - SUMMARY, ETC.
Summary, etc. Infrastructure projects such as Crossrail and High Speed give rise to issues concerning ownership of land and compensation requirements. Reviews case law which arose with High Speed 1 (HS1) including what price subsoil, absent or silent owners and compulsory purchase matters.
590 ## - LOCAL NOTE (RLIN)
Local note KA
650 24 - SUBJECT ADDED ENTRY--TOPICAL TERM
Topical term or geographic name entry element BOCARDO SA V STAR ENERGY UK ONSHORE LTD & ANOR
650 24 - SUBJECT ADDED ENTRY--TOPICAL TERM
Topical term or geographic name entry element UNION RAILWAYS NORTH LTD V LONDON AND CONTINENTAL RAILWAYS LTD AND KENT COUNTY COUNCIL
650 24 - SUBJECT ADDED ENTRY--TOPICAL TERM
Topical term or geographic name entry element PORT OF LONDON AUTHORITY V TRANSPORT FOR LONDON
651 #4 - SUBJECT ADDED ENTRY--GEOGRAPHIC NAME
Geographic name ENGLAND AND WALES
690 ## - LOCAL SUBJECT ADDED ENTRY--TOPICAL TERM (OCLC, RLIN)
Topical term or geographic name as entry element ENVIRONMENTAL AND LAND CONSULTANCY-PLANNING AND DEVELOPMENT-COMPULSORY PURCHASE AND COMPENSATION
700 1# - ADDED ENTRY--PERSONAL NAME
Personal name Rogers, Amy
942 ## - ADDED ENTRY ELEMENTS (KOHA)
Suppress in OPAC 0
Holdings
Withdrawn status Lost status Source of classification or shelving scheme Damaged status Not for loan Home library Current library Shelving location Date acquired Total Checkouts Full call number Barcode Date last seen Copy number Price effective from Koha item type
    Dewey Decimal Classification     London London Journal article 23/03/2011   L152533 152533-1001 06/08/2019 1 06/08/2019 Journal article